000 00442nam a2200157Ia 4500
008 210716s2005 xx 000 0 und d
020 _a8174464492
041 _aeng
082 _a174.9363 BAXC
100 _aBaxi, C V;Prasad, Ajit.
245 _aCorporate social responsibility: concepts and cases.
_bConcepts and cases.
250 _a1
260 _aNew Delhi
_bExcel Books
_c2005
300 _axxi,534
650 _aCorporate Governance
999 _c199455
_d199455